Premio Nacional de Periodismo Juan Mañé y Flaquer / (Record no. 121028)

MARC details
000 -LEADER
campo de control de longitud fija 02034nam a2200361 i 4500
001 - NÚMERO DE CONTROL
campo de control 121028
003 - IDENTIFICADOR DE NÚMERO DE CONTROL
campo de control ES-MaACL
005 - FECHA Y HORA DE LA ÚLTIMA TRANSACCIÓN
campo de control 20250827063222.0
007 - CAMPO FIJO DE DESCRIPCIÓN FÍSICA--INFORMACIÓN GENERAL
campo de control de longitud fija t|
008 - DATOS DE LONGITUD FIJA--INFORMACIÓN GENERAL
campo de control de longitud fija 070214e1974 sp |r l00|10|spa d
017 ## - NÚMERO DE COPYRIGHT O DE DEPÓSITO LEGAL
Número de copyright o de depósito legal B 36336-1974
Agencia que asigna Oficina Depósito Legal Barcelona
080 ## - NÚMERO DE LA CLASIFICACIÓN DECIMAL UNIVERSAL
Número de la Clasificación Decimal Universal 001.94 OVNI (460)
080 ## - NÚMERO DE LA CLASIFICACIÓN DECIMAL UNIVERSAL
Número de la Clasificación Decimal Universal 908(460.237 Torredembarra)
111 2# - ENTRADA PRINCIPAL--NOMBRE DE CONGRESO/REUNIÓN
Nombre de congreso/reunión o jurisdicción como elemento de entrada Premio Nacional de Periodismo Juan Mañé y Flaquer
Número del congreso/reunión o número de parte o sección (5º.
Fecha del congreso o de la firma del tratado 1974.
Sede del congreso/Lugar de la reunión Torredembarra)
9 (RLIN) 135179
245 10 - MENCIÓN DEL TÍTULO
Título Premio Nacional de Periodismo Juan Mañé y Flaquer /
Mención de responsabilidad, etc. convocado por el Centro de Iniciativas y Turismo de Torredembarra
246 1# - FORMA VARIANTE DEL TITULO
Título propio/Titulo breve Precisiones para Torredembarra a veinte años vista
260 ## - PUBLICACIÓN, DISTRIBUCIÓN, ETC.
Lugar de publicación, distribución, etc. Torredembarra (Tarragona) :
Nombre del editor, distribuidor, etc. Ayuntamiento de Torredembarra,
Fecha de publicación, distribución, etc. 1974
300 ## - DESCRIPCIÓN FÍSICA
Extensión IX, 68 páginas ;
Dimensiones 25 cm
505 0# - NOTA DE CONTENIDO CON FORMATO
Nota de contenido con formato La ufología en el periodismo / Juan José Plans, trabajo publicado en "Ya", 15 de junio. Precisiones para Torredembarra a veinte años vista, ex aequo: Miguel Català, seudónimo de Enrique Moreno Parés, con un artículo emitido en Tele Exprés de Barcelona, ​​y Lluís M. Mezquida Gené “Petrófilo”, con 3 artículos publicados en "Diario español de Tarragona". Emisión radiofónica o serie sobre Torredembarra: Aníbal Arias Ruiz, con la serie "¿Y por qué no en Torredembarra?", emitida en RNE, 24 de marzo, 21 de abril y 19 de mayo de 1974
650 #7 - PUNTO DE ACCESO ADICIONAL DE MATERIA--TÉRMINO DE MATERIA
Término de materia o nombre geográfico como elemento de entrada Ovnis
Fuente del encabezamiento o término embne
9 (RLIN) 15781
651 #4 - PUNTO DE ACCESO ADICIONAL DE MATERIA--NOMBRE GEOGRÁFICO
Nombre geográfico Torredembarra-
Subdivisión general Descripción
9 (RLIN) 242050
700 1# - ENTRADA AGREGADA--NOMBRE PERSONAL
Nombre de persona Plans, Juan José,
Fechas asociadas al nombre 1943-2014
Término indicativo de función/relación Autor
9 (RLIN) 92567
700 1# - ENTRADA AGREGADA--NOMBRE PERSONAL
Nombre de persona Moreno Parés, Enrique,
Fechas asociadas al nombre -2010
Término indicativo de función/relación Autor
9 (RLIN) 242051
700 1# - ENTRADA AGREGADA--NOMBRE PERSONAL
Nombre de persona Mezquida y Gené, Luis María,
Fechas asociadas al nombre 1920-2004
Término indicativo de función/relación Autor
9 (RLIN) 80829
700 1# - ENTRADA AGREGADA--NOMBRE PERSONAL
Nombre de persona Arias Ruiz, Aníbal,
Fechas asociadas al nombre -1982
Término indicativo de función/relación Autor
9 (RLIN) 22804
710 1# - ENTRADA AGREGADA--NOMBRE DE ENTIDAD CORPORATIVA
Nombre de entidad corporativa o nombre de jurisdicción como elemento de entrada Torredembarra.
Unidad subordinada Ayuntamiento.
-- Centro de Iniciativas y Turismo
Término indicativo de función/relación entidad responsable
9 (RLIN) 6972
740 32 - ENTRADA AGREGADA--TÍTULO RELACIONADO/ANALÍTICO NO CONTROLADO
Título relacionado o analítico no controlado La ufología en el periodismo
740 12 - ENTRADA AGREGADA--TÍTULO RELACIONADO/ANALÍTICO NO CONTROLADO
Título relacionado o analítico no controlado ¿Y por qué no en Torredembarra?
852 4# - LOCALIZACIÓN
Ubicación ES-MaACL
Sublocalización o colección R.90456
Ubicación en estantería Depósito 2
Número de control de estantería E-6468
942 ## - ELEMENTOS DE ENTRADA SECUNDARIOS (KOHA)
Fuente del sistema de clasificación o colocación Clasificación decimal universal
Tipo de ítem Koha Libro impreso
Suprimir en OPAC No
Holdings
Estatus retirado Estado de pérdida Estado de daño No para préstamo Biblioteca de origen Biblioteca actual Ubicación en estantería Fecha de adquisición Fuente de adquisición Total de préstamos Signatura topográfica completa Código de barras Visto por última vez Precio de reemplazo Tipo de ítem Koha
        Biblioteca del Ateneo de Madrid Biblioteca del Ateneo de Madrid Depósito 2 17/01/2008     E-6468 1126138 23/02/2023 23/02/2023 Libro impreso